000 00309nam a2200133Ia 4500
008 230917s9999||||xx |||||||||||||| ||und||
040 _e219721
_aMAIN
041 _aEnglish
082 _a954.5 K527M
100 _aKhanna, Anju
245 0 _aMuslim politics in the Punjab
300 _ax, 336 p.
942 _cTH
999 _c73965
_d73965